000 01155cab a2200301 4500
001 A421
008 090401t1993 xxu||||| |||| 00| 0 eng d
035 _a(Sirsi) u29162
041 _aeng
100 _aSutch, Richard
245 _aApproach to property insurance and insurance valuations for historic buildings
260 _c1993
350 _a0
490 _aBuilding Conservation Newsletter
_v(8) Summer 1993, Information sheet No 1 (4)
520 _aA guidance note to assist surveyors and inform owners of the consideration and complexities which should be taken into account when dealing with insurance and insurance valuations for historic buildings. ALSO CATALOGUED AS A RICS PUBLICATION (RICS 1993/104 - Std. no. M1480)
650 _aBUILDING CONSERVATION
650 _aGUIDANCE NOTES
650 _aHISTORIC BUILDINGS
650 _aINSURANCE VALUATIONS
650 _aPROPERTY INSURANCE
650 _aRICS
690 _aCONSERVATION
690 _aINSURANCE
_96249
700 _aDavey, Ken
710 _aRoyal Institution of Chartered Surveyors
_bBuilding Conservation Skills Panel
_93010
942 _n0
948 _c04/03/1997
999 _c19633
_d19633